000 00407nam a2200181Ia 4500
001 18827
005 20260306171659.0
008 260306s9999||||xx |||||||||||||| ||und||
041 _aESP
082 _a658.16
_bP23
100 _aPande, Peter S.
_eAUT
245 0 _a¿Que es seis sigma?
260 _c2002
300 _a79 páginas :
_c
650 _aGEN
654 _aCAN
942 _cLIB
_dJUS
_fJUS
_2ddc
_n
999 _c18827
_d18827